[Event "Toronto Spring-B 04"]
[Site "Toronto"]
[Date "2008.04.30"]
[Round "5"]
[White "Vallalobos, Oscar"]
[Black "Armstrong, Robert J"]
[Result "1-0"]
[WhiteElo "1791"]
[BlackElo "1834"]
[PlyCount "43"]
[EventDate "2008.04.02"]
[EventType "tourn"]
[EventRounds "7"]
[EventCountry "CAN"]
[SourceTitle "EXT 2011"]
[Source "ChessBase"]
[SourceDate "2010.11.26"]
[SourceVersion "1"]
[SourceVersionDate "2010.11.26"]
[SourceQuality "1"]

1. d4 g6 2. e4 Bg7 3. Nc3 d6 4. Be3 Nf6 5. Be2 0-0 6. Qd2 c6 7. Bh6 b5 8. f3 Qa5 9. h4 Bxh6 10. Qxh6 b4 11. Nd1 b3+ 12. c3 bxa2 13. h5 Be6 14. hxg6 fxg6 15. f4 Rf7 16. Nf3 Nxe4 17. Bd3 Ng3 18. Bxg6 Nxh1 19. Bxh7+ Rxh7 20. Qxe6+ Kf8 21. Ng5 Rg7 22. Qc8+ 1-0